Statistics for Квиз о Ел Салвадору

Click here to take the quiz!

General Stats

  • This quiz has been taken 40 times
  • The average score is 10 of 16

Answer Stats

ОписОдговор% Correct
Главни градСан {Салвадор}
100%
Званичан језикШпански
100%
Државе са којима се граничиХондурас
100%
Државе са којима се граничиГватемала
97%
Ел Салвадор је једина централноамеричка држава која не излази на ово море{Карипско} море
89%
Око 2.3 милиона Салвадораца живи у овој државиСАД
83%
"Ел Салвадор" значи "спаситељ". На коју особу се мисли?Исус Христос
78%
Кратки рат из 1969. године, вођен против државе #2{Фудбал}ски рат
67%
Валута која се користи у овој државиАмерички долар
67%
Историјска и културна регија којој Ел Салвадор припада{Централна} Америка
61%
Ел Салвадор има највећу стопу ______ на свету, 61.8 на 100,000 годишњеУбистава
50%
Једина држава која је имала већи број жртава због вулканских ерупција од 141. године п.н.е.Индонезија
39%
Други највећи град (назван по светици)Санта Ана
36%
Ел Салвадор је изгубио 85% својих _____ од 1960-ихШума
25%
6 од 8 врста ове животиње живи у Ел Салвадору, укључујући и кожасту{Морска} {корњача}
17%
Залив на истоку ове државеФонсека
14%

Score Distribution

Percentile by Number Answered

Percent of People with Each Score

Your Score History

You have not taken this quiz